Administração financeira e orçamentária : (Record no. 343)

MARC details
000 -LÍDER
Campo Fixo de Controle 01017nam a2200277 a 4500
001 - NÚMERO DE CONTROLE
Campo de Controle 343
003 - IDENTIFICAÇÃO DO NÚMERO DE CONTROLE
Campo de Controle BR-CuiBMT
005 - DATA E HORA DA ÚLTIMA ATUALIZAÇÃO
Campo de Controle 20231129135347.0
008 - DADOS FIXOS
Dados Fixos 231101b spba 000 0 eng d
020 ## - INTERNATIONAL STANDARD BOOK NUMBER
Nº do ISBN 978853393575
040 ## - AGÊNCIA CATALOGADORA
Código da Agência Catalogadora BR-CuiBMT
Agência que transcreveu o registro BR-CuiBMT
080 ## - Nº DA CLASSIFICAÇÃO DECIMAL UNIVERSAL
Nº edição CDU 2007
Nº Class. CDU 336.11
Subd. Auxiliar Comum (079.1)
090 ## - NÚMERO DE CHAMADA
Nº classificação 336.11(079.1)
Cutter R642a
Ano/Edição 2. ed.
100 1# - ENTRADA PRINCIPAL -- AUTOR PESSOAL
Nome pessoal Roberto, Marcos
245 10 - TÍTULO PRINCIPAL
Título principal Administração financeira e orçamentária :
Subtítulo e estudos sobre a lei de responsabilidade fiscal /
Indicação de responsabilidade Marcos Roberto
246 22 - FORMAS VARIANTES DO TÍTULO
Título principal Administração financeira e orçamentária :
Subtítulo & estudos sobre a lei de responsabilidade fiscal
250 ## - EDIÇÃO
Edição 2. ed.
260 ## - PUBLICAÇÃO, DISTRIBUIÇÃO, ETC.
Local de publicação São Paulo :
Editora Rideel,
Data 2015.
300 ## - DESCRIÇÃO FÍSICA
N. páginas ou volumes 381 p. :
Ilustrações il. ;
Dimensões 20 cm
490 1# - INDICAÇÃO DE SÉRIE
Título da série Série concurso descomplicado
650 ## - ASSUNTO TÓPICO
Cabeçalho tópico ou nome geográfico Contabilidade pública
Subdivisão geral Problemas, exercícios etc.
650 ## - ASSUNTO TÓPICO
Cabeçalho tópico ou nome geográfico Administração financeira
Subdivisão geral Problemas, exercícios etc.
650 ## - ASSUNTO TÓPICO
Cabeçalho tópico ou nome geográfico Orçamento público
Subdivisão geral Problemas, exercícios etc.
830 #0 - ENTRADA SECUNDÁRIA DE SÉRIE -- TÍTULO UNIFORME
Título uniforme Concurso descomplicado
942 ## - ELEMENTOS DE ENTRADA ADICIONAIS (KOHA)
Fonte de classificação ou esquema de arquivamento Classificação Decimal Universal
Tipo de item do Koha Livros
Holdings
Estado: removido Estado: perdido Fonte de classificação ou esquema de arquivamento Estado: danificado Indisponível para empréstimo Localização permanente Localização atual Data de aquisição Total Checkouts Número de Chamada completo Código de barras Date last seen Número do exemplar Preço efetivo a partir de Tipo de item (Koha)
    Classificação Decimal Universal     Biblioteca da Escola Superior de Contas do TCE/MT Biblioteca da Escola Superior de Contas do TCE/MT 01/11/2023   336.11(079.1) R642a 2. ed. BIBTCEMT23110006 01/11/2023 Ex. 1 01/11/2023 Livros

Powered by Koha